00583 2200181 4500245003600000020002200036250001100058100001800069700002600087650001600113005001900129260002500148041001400173084000800187300001500195500018200210336000900392 aGhost GirlcHurley, TonyahText a978-979-1411-68-4 aCet. 3 aHurley, Tonya aBerliani M. Nugrahani aNovel Fiksi a20231004114419 aJakartabAtriac2009 aIndonesia a813 a402 hlm. : aInilah faktanya. Charlotte meninggal dunia. Denga cara terkonyol,tersedak permen kenyal berbentuk beruang. Di tengah sebuah misi terpenting. Menjadi cewek terpopuler di sekolah. atext